Prieskum v priamom prenose

Market Whys ako nový nástroj na kontinuálne sledovanie značky, na riadenie vzťahu medzi značkou a spotrebiteľom. Základná schéma Market Whys.

Salvato in:
Dettagli Bibliografici
Autore principale: Môciková, Renata
Natura: Capitolo di libro
Lingua:slovacco
Soggetti:
Tags: Aggiungi Tag
Nessun Tag, puoi essere il primo ad aggiungerne!!

MARC

LEADER 00000naa a2200000 4500
001 r048632
005 20230929113703.6
041 0 |a slo 
044 |a SK 
245 1 0 |a Prieskum v priamom prenose  |c Renata Môciková 
520 |a Market Whys ako nový nástroj na kontinuálne sledovanie značky, na riadenie vzťahu medzi značkou a spotrebiteľom. Základná schéma Market Whys. 
610 2 0 |a komunikácia marketingová 
610 2 0 |a značky výrobkov 
610 2 0 |a stratégia marketingová 
610 2 0 |a nástroje marketingové 
100 1 |a Môciková, Renata